000 00570nam a2200205Ia 4500
003 GCL
008 140319s9999 xx 000 0 eng d
020 _a055305340X
040 _aGCL /
_cGCL
082 0 4 _a523.1
_bH A
100 1 _aHAWKING, STEPHEN W.
245 1 0 _aA BRIEF HISTORY OF TIME :
_bFROM THE BIG BANG TO BLACK HOLES /
_cHAWKING, STEPHEN W.
700 1 _aSAGAN, CARL
700 1 _aMILLER, RON
260 _aنيويورك :
_bBANTAM BOOKS ،
_c1988
300 _a198 P
_bILL. ؛
_c24 cm.
650 0 4 _aASTRONOMY
650 0 4 _aGALAXIES
942 _2ddc
_cBK
999 _c5885
_d5885